00745nam a2200253 a 4500001001300000003000900013005001700022008004100039020000800080082001500088100002000103245004700123260004800170300000800218500003500226505002400261650002100285650002400306700002000330902000800350942000700358952010900365999001700474nice12345678IN_TiNIC20260116013626.0050524s1972 dela grp 000 0 eng  ac500a340.9bPEE aPeerzada, Shams aMuslim Personal Law and Uniform Civil Code aDelhibMarkazi Maktaba Jamat-E-Islamic1972 a48p aincludes index and biblioraphy2 aIndex, Bibliography aCivil-Code India aMuslim Personal Law1 aPeerzada, Shams bSRS cBK 00104070aHMIbHMId2007-06-04g5.00l3m2o340.9 PEEp015978r2018-03-07s2018-02-21w2026-01-16yEB c11713d11713